Marques de voitures #3 - Statistiques

Statistiques générales
  • Ce quiz a été pris 2 353 fois
  • Le résultat moyen est 8 sur 9
Réponses sur la Carte
Les réponses sont colorées sur une échelle allant du rouge au vert en fonction du pourcentage des utilisateurs qui les ont devinées à leur premier essai. Vous pouvez retrouver ces pourcentages ci-dessous.
 
Statistiques - réponses
Réponse % Correct
BMW
92%
Ford
90%
KIA
89%
JEEP
88%
Lotus
88%
Nissan
88%
MINI
86%
Dacia
83%
Fiat
76%
Aucun quiz correspondant
Distribution des résultats
% des personnes avec chaque résultat
Percentile par nombre de réponses
Votre historique - résultats
Vous n’avez pas pris ce quiz